000
00354 a2200169 4500
001
186574
020
_a
040
_c
Magnum
100
_a
Ferreira, Afonso Elita
240
1
0
_a
O berimbau encantado
_l
por
245
1
0
_a
O berimbau encantado
300
_a
16
362
0
_a
1993
440
1
_a
Bagaço
697
_a
LITERATURA INFANTIL
942
_c
BK
999
_c
186574
_d
186574